Match That Nineties Song to the Lyrics - Statistics

General Stats
  • This quiz has been taken 78 times
  • The average score is 13 of 25
Answer Stats
Year Hint Artist Answer % Correct
1995 "Because maybe you're gonna be the one that saves me" Oasis Wonderwall
87%
1991 "That's me in the corner, that's me in the spot-light..." REM Losing My Religion
85%
1997 "Life in plastic, it's fantastic" Aqua Barbie Girl
84%
1992 "With the lights out, it's less dangerous, here we are now, entertain us" Nirvana Smells Like Teen Spirit
84%
1996 "So, I'll tell you what I want, what I really really want" Spice Girls Wannabe
82%
1999 "Tell me why ain't nothin' but a heart ache, tell me why ain't nothin' but a mistake" Backstreet Boys I Want It That Way
79%
1995 "So no one told you life was gonna be this way" The Rembrandts I'll Be There for You
65%
1999 "Hangin' out the passenger side of his best friend's ride, tryin' to holla at me" TLC No Scrubs
63%
1998 "Oh baby, baby, how was I supposed to know that something wasn't right here?" Britney Spears ...Baby One More Time
59%
1992 "I like big butts and I cannot lie" Sir Mix-a-Lot Baby Got Back
56%
1991 "Clearly I remember picking on the boy" Pearl Jam Jeremy
53%
1997 "That's life, tryna make ends meet, tryna find somebody then you die" The Verve Bittersweet Symphony
50%
1994 "In the time of chimpanzees I was a monkey" Beck Loser
50%
1994 "...won't you come and wash away the rain?" Soundgarden Black Hole Sun
49%
1994 "I hurt myself today to see if I still feel. I focus on the pain, the only thing that's real" Nine Inch Nails Hurt
49%
1996 "I got to bag it up, bag it up. I like the way you work it." Blackstreet No Diggity
46%
1999 "Come, come, come on and let me out" Christina Aguilera Genie in a Bottle
44%
1999 "If no one is around you, say 'baby, I love you'" Destiny's Child Say My Name
40%
1995 "Movin' to the country, gonna eat a lot of peaches" The Presidents of the United States Peaches
38%
1993 "I was born long go, I am the chosen I'm the one" Lenny Kravitz Are You Gonna go My Way
31%
1993 "Today is the greatest day I've ever known" Smashing Pumpkins Today
28%
1992 "All I can say is that my life is pretty plain" Blind Melon No Rain
26%
1991 "I don't mind stealing bread from the mouths of decadents" Temple of the Dog Hunger Strike
18%
1998 "After winter must come spring, change it comes eventually" Lauryn Hill Everything Is Everything
10%
1998 "Boy, I've been watchin' you like a hawk in the sky that fly, but you were my prey" Aaliyah Are You That Somebody
9%
No matching quizzes found
Score Distribution
Percent of People with Each Score
Percentile by Number Answered
Your Score History
You have not taken this quiz